Traditional games and sports of India (Record no. 394101)

MARC details
000 -LEADER
fixed length control field 00491 a2200181 4500
005 - DATE & TIME
control field 20260113161402.0
008 - FIXED-LENGTH DATA ELEMENTS--GENERAL INFORMATION
fixed length control field 260113b |||||||| |||| 00| 0 eng d
020 ## - ISBN
International Standard Book Number 9788119776566
Price Rs.1995.00
040 ## - CATALOGING SOURCE
Original cataloging agency VIVEKANANDA LIBRARY
082 ## - DDC NUMBER
Classification number 796.0954
Book Number B169T
100 ## - MAIN ENTRY--PERSONAL NAME
Personal name Bajwa, Sewa Singh
245 ## - TITLE STATEMENT
Title Traditional games and sports of India
260 ## - PUBLICATION, DISTRIBUTION, ETC. (IMPRINT)
Name of publisher, distributor, etc Sports Educational Technologies
Date of publication, distribution, etc 2025
Place of publication, distribution, etc New Delhi
300 ## - PHYSICAL DESCRIPTION
Pages 187
650 ## - Subject
Subject Physical Education
650 ## - Subject
Subject Sports India
942 ## - ADDED ENTRY ELEMENTS (KOHA)
Koha item type Books
Holdings
Withdrawn status Lost status Source of classification or shelving scheme Damaged status Not for loan Location (home branch) Sublocation or collection (holding branch) Shelving location Date acquired Koha issues (times borrowed) Koha full call number Accession No. Koha date last seen Koha item type
    Dewey Decimal Classification     VIVEKANANDA LIBRARY VIVEKANANDA LIBRARY Vivekananda Library 12/12/2025   796.0954 B169T 443639 12/12/2025 Books
© Designed and Maintained by Vivekananda Library, MDU Rohtak